000 00746nam a2200241 i 4500
001 9915
003 ES-MaACL
005 20250815163246.0
007 t|
008 940509s1993 sp ||||1| spa d
020 _a84-322-4705-7
080 _a133.18
100 1 _aCastaneda, Carlos.
_936394
245 1 3 _aEl Arte de ensoñar /
_cCarlos Castaneda ; traducción del inglés por Nayely Tycho Thal, de las notas originales del autor.
250 _a[1a. ed.].
260 _aBarcelona :
_bSeix Barral,
_c1993.
300 _a255 p. ;
_c21 cm.
650 7 _aOcultismo
_2embne
_915681
650 1 7 _aBrujería
_2embne
_910621
700 1 _aTycho Thal, Nayely.
_9111801
852 _aES-MaACL
_jL-17381
_bR.122558
999 _c9915
_d9915